Sanat - "Lautturi" - PMMP - Statistics

Yleistilastot
  • Tätä visaa on pelattu 112 kertaa
  • Keskiarvotulos 140 / 207
Vastaustilastot
Vastaus % Oikein
kuule
92%
lautturi
92%
92%
missä
92%
mitä
91%
hän
89%
minut
89%
on
89%
toivon
89%
Viekää
89%
viekää
89%
sinne
88%
86%
jos
84%
Minä
83%
minä
83%
täällä
83%
ja
82%
tunnelissa
82%
jossa
80%
odotan
80%
virta
80%
edes
78%
ole
76%
valo
74%
edessä
72%
pimeän
72%
halki
71%
hohtaa
71%
kylmä
70%
airon
68%
en
68%
et
67%
sitten
67%
miten
64%
olla
64%
minkä
62%
ääneen
61%
kuinka
61%
päin
61%
puoli
61%
se
61%
sittenkin
61%
tähden
61%
täytyisi
61%
jääneen
59%
kesken
59%
koirat
59%
laulaa
59%
ulvoen
59%
tiedä
58%
että
57%
kotimatka
57%
kuoro
57%
kohtaa
55%
kun
55%
aina
54%
kirkkauden
54%
niin
54%
pian
54%
tuon
54%
enkä
53%
luokseen
53%
vaan
53%
hänen
51%
oot
51%
kävi
50%
soutaa
50%
ei
49%
kaikki
49%
kuoron
49%
luulin
49%
vielä
49%
huutaisinko
47%
tyttö
47%
tyyni
46%
valittaisinko
46%
alla
45%
lähden
43%
kauaa
42%
käy
42%
johda
41%
kestä
41%
vetten
41%
virran
41%
palannutkaan
39%
Tämä
39%
vähitellen
39%
katuisin
38%
silmiin
38%
verkkainen
38%
hauras
37%
kauan
37%
miksi
37%
onkaan
37%
onni
37%
ääreen
36%
opin
36%
tumman
36%
haluan
34%
Maan
34%
maan
34%
yhä
34%
kielillä
33%
polku
33%
tietää
33%
helppo
32%
mutkaan
30%
varhain
30%
kuolleilla
29%
vietti
29%
kadotin
28%
suunnan
28%
kaltevana
26%
Ehtoja vastaavia visoja ei löytynyt
Tulosjakauma
Jokaisen tuloksen saaneiden osuus
Persentiili vastausten määrän mukaan
Tuloshistoriasi
Et ole pelannut tätä visaa